This Is What You Came For - Calvin Harris & Rihanna - All Lyrics - Statistics

General Stats
  • This quiz has been taken 89 times
  • The average score is 201 of 226
Answer Stats
Answer % Correct
you
100%
you,
100%
You,
100%
came
98%
for
98%
I
98%
is
98%
ooh,
98%
ooh
98%
ooh-ooh,
98%
ooh-ooh
98%
this
98%
what
98%
Yeah
98%
every
95%
at
94%
And
92%
Baby,
92%
but
91%
her,
89%
lookin'
89%
she
89%
watchin'
89%
Lightning
88%
she's
86%
everybody's
85%
time
85%
strikes
74%
moves
71%
We
63%
we
63%
the
54%
go
52%
more
49%
than
48%
nothin'
46%
say
46%
say,
46%
be
45%
need
45%
"Your
45%
fast
43%
way
43%
it's
42%
knows
42%
when
42%
Who
42%
play
40%
why
38%
game
32%
gotta
32%
with
28%
place"
25%
leave
23%
No matching quizzes found
Score Distribution
Percent of People with Each Score
Percentile by Number Answered
Your Score History
You have not taken this quiz